000 00349nam a2200133 i 4500
001 bg
100 1 _aKUDŁASZYK, Andrzej
245 0 _aMyśl Społeczno- polityczna Bolesława Wysłoucha 1855-1937 /
_cAndrzej Kudłaszyk.
260 _aWarszawa,
_c1978.
040 _cBPK
041 _apol
942 _cKS
008 s pl f |000 0 pol
999 _c9703
_d9703
856 _uhttp://koha.tu.koszalin.pl/cgi-bin/koha/opac-detail.pl?biblionumber=9703
_yKatalog online BPK